Kurzové rozdiely k opravným položkám, rezervám a účtom časového rozlíšenia
Osobitosti prepočtu cudzej meny na menu Euro a vyčíslenie kurzových rozdielov v prípade opravných položiek, nevyfakturovaných dodávok, rezerv a účtov časového rozlíšenia so zameraním na podnikateľské účtovné jednotky.
Salvato in:
| Autore principale: | |
|---|---|
| Natura: | Capitolo di libro |
| Lingua: | slovacco |
| Soggetti: | |
| Tags: |
Nessun Tag, puoi essere il primo ad aggiungerne!!
|
MARC
| LEADER | 00000naa a2200000 4500 | ||
|---|---|---|---|
| 001 | 0238410 | ||
| 005 | 20240502073846.0 | ||
| 041 | 0 | |a slo | |
| 044 | |a SK | ||
| 245 | 1 | 0 | |a Kurzové rozdiely k opravným položkám, rezervám a účtom časového rozlíšenia |c Miriama Blahušiaková |
| 520 | |a Osobitosti prepočtu cudzej meny na menu Euro a vyčíslenie kurzových rozdielov v prípade opravných položiek, nevyfakturovaných dodávok, rezerv a účtov časového rozlíšenia so zameraním na podnikateľské účtovné jednotky. | ||
| 610 | 2 | 0 | |a jednotka účtovná |
| 610 | 2 | 0 | |a rozlíšenie časové |
| 610 | 2 | 0 | |a rozdiely kurzové |
| 610 | 2 | 0 | |a položky opravné |
| 610 | 2 | 0 | |a rezervy |
| 610 | 2 | 0 | |a mena |
| 100 | 1 | |a Blahušiaková, Miriama, 1980- | |